Piloto de dron (RPAS) : (Registro nro. 3697)
[ vista simple ]
| 000 -LEADER | |
|---|---|
| fixed length control field | 01324nam a22002657a 4500 |
| 003 - CONTROL NUMBER IDENTIFIER | |
| control field | PE SENCICO BE |
| 005 - DATE AND TIME OF LATEST TRANSACTION | |
| control field | 20251020182622.0 |
| 008 - FIXED-LENGTH DATA ELEMENTS--GENERAL INFORMATION | |
| fixed length control field | 221215b |||||||| |||| 00| 0 eng d |
| 020 ## - INTERNATIONAL STANDARD BOOK NUMBER | |
| International Standard Book Number | 978-84-283-3873-8 |
| 040 ## - CATALOGING SOURCE | |
| Original cataloging agency | PE SENCICO BE |
| Transcribing agency | PE SENCICO BE |
| 041 ## - LANGUAGE CODE | |
| Language code of text/sound track or separate title | spa |
| 082 ## - DEWEY DECIMAL CLASSIFICATION NUMBER | |
| Classification number | 629.13 |
| Item number | P |
| 245 1# - TITLE STATEMENT | |
| Title | Piloto de dron (RPAS) : |
| Remainder of title | equipo de formación del Club de Vuelo TAS / |
| Statement of responsibility, etc. | Raquel Vergara Merino, Anibal Hernández Correas, David Virúes Ortega ...[y otros] |
| 250 ## - EDITION STATEMENT | |
| Edition statement | 2a ed. |
| 260 ## - PUBLICATION, DISTRIBUTION, ETC. | |
| Place of publication, distribution, etc. | Madrid: |
| Name of publisher, distributor, etc. | Paraninfo, |
| Date of publication, distribution, etc. | 2016 |
| 300 ## - PHYSICAL DESCRIPTION | |
| Extent | xi, 319 p.: |
| Other physical details | il. col., diagrs., |
| Dimensions | 24 cm. |
| 505 0# - FORMATTED CONTENTS NOTE | |
| Formatted contents note | Capítulo 1: Conocimiento general de la aeronave.—Capítulo 2: Meteorología.—Capítulo 3: Performance y principios de vuelo.-- Capítulo 4: Navegación aérea.—Capítulo 5: Reglamentación aeronáutica. Conocimientos ATC.—Capítulo 6: Procedimientos operacionales.—Capítulo 7: Comunicaciones y fraseología aeronáutica. Instrucciones ATC.—Capítulo 8: Factores humanos.-- Capítulo 9: Conocimientos prácticos. |
| 650 10 - SUBJECT ADDED ENTRY--TOPICAL TERM | |
| 9 (RLIN) | 290 |
| Topical term or geographic name entry element | AERONÁUTICA |
| 650 24 - SUBJECT ADDED ENTRY--TOPICAL TERM | |
| 9 (RLIN) | 295 |
| Topical term or geographic name entry element | AVIONES NO TRIPULADOS |
| 700 1# - ADDED ENTRY--PERSONAL NAME | |
| 9 (RLIN) | 291 |
| Personal name | Vergara Merino, Raquel |
| 700 1# - ADDED ENTRY--PERSONAL NAME | |
| 9 (RLIN) | 292 |
| Personal name | Hernández Correas, Aníbal |
| 700 1# - ADDED ENTRY--PERSONAL NAME | |
| 9 (RLIN) | 293 |
| Personal name | Virués Ortega, David |
| 910 ## - USER-OPTION DATA (OCLC) | |
| -- | hfp |
| -- | hfp |
| 942 ## - ADDED ENTRY ELEMENTS (KOHA) | |
| Source of classification or shelving scheme | Dewey Decimal Classification |
| Koha item type | Libros |
| Classification part | 629.13 |
| Item part | P |
| Fecha de la última vez que lo usaron | Número de ingreso o de inventario | Pago total | Signatura topográfica completa | Precio efectivo desde | Tipo de documento | Estado perdido | Sistema de clasificación | Estado dañado | No es para préstamo | Retirado | Ubicación permanente | Ubicación actual | Fecha de adquisición |
|---|---|---|---|---|---|---|---|---|---|---|---|---|---|
| 15/12/2022 | 16355 | 629.13/P | 15/12/2022 | Libros | Dewey Decimal Classification | Biblioteca Central Lima | Biblioteca Central Lima | 15/12/2022 |